Avengers Endgame Quiz - Statistics

General Stats
  • This quiz has been taken 2,544 times
  • The average score is 31 of 47
Answer Stats
Hint Answer % Correct
Avenger who says "Avengers assemble" Captain America
99%
King of Wakanda Black Panther
95%
Avenger gets the final snap Iron Man
95%
Avenger who cuts off Thanos's head Thor
95%
Avenger who dies at Vormir Black Widow
94%
Avenger who uses a kitana and bow and arrows for weapons Hawkeye
93%
Avenger who grows into a giant Ant-Man
92%
Master of the Mystic Arts (in 2023) Doctor Strange
87%
Avenger who hates stairs Hulk
85%
Rocket's tree friend Groot
81%
Ant-Man & _____ Wasp
80%
Favorite daughter of the main villain Gamora
78%
Thor's rabbit friend Rocket
78%
Thor's frost giant brother Loki
77%
Tony's wife Pepper Potts
77%
Primary villain of the MCU who is in search of the infinity stones Thanos
77%
Tells Captain America "On your left" Falcon
76%
Thor's ex-girlfriend Jane
74%
Gets kicked in the nuts by Gamora Star Lord
73%
Thor makes her Queen of New Asgard Valkyrie
73%
Sister of Quicksilver who rips Thanos's armor off Scarlet Witch
72%
The Eye of Agamotto houses the ____ stone Time
70%
The Red Skull is protector of the ___ stone Soul
69%
Activates "instant kill" mode in the final fight Spider-Man
68%
Cap's first love Peggy Carter
67%
Tony's father Howard Stark
66%
The temple at Morag houses the ____ stone Power
66%
Guardian with Antennae Mantis
65%
Loki's sceptor houses the ___ stone Mind
64%
Doctor Strange's Asian colleague Wong
64%
The tesseract houses the ____ stone Space
63%
Tells Captain America he's taking all the stupid with him Bucky
62%
Thor's buddy who is made of rocks Korg
62%
The Aether solidifies as the ___ stone Reality
62%
Former Airforce pilot who's powers stem from one of the infinity stones Captain Marvel
55%
Grabs the power stone from the temple on Morag Nebula
54%
Protector of the New York Sanctum in 2012 The Ancient One
54%
Wakanda's fiercest female warrior Okoye
50%
Nothing gets over his head because his reflexes are too fast Drax
49%
Thor's mother Frigga
47%
Played by John Favreau Happy Hogan
45%
Elder Stark's driver Jarvis
45%
Decks Peter Quill on Morag War Machine
43%
Thor's buddy who has knives for arms Miek
37%
HYDRA agent in elevator played by Frank Grillo Crossbones
27%
Played by Robert Redford Alexander Pierce
20%
Another HYDRA agent in elevator who was thrown out of a car in Captain America 2 Jasper Sitwell
15%
No matching quizzes found
Score Distribution
Percent of People with Each Score
Percentile by Number Answered
Your Score History
You have not taken this quiz